Datum a čas kvízu
23.5
Celkem bodů
Celkový počet nahraných bodů na tomto kvízu bez doplňovacích otázek.
3.
Pořadí na kvízu
Konečné umístění týmu na tomto kvízu.
Zaznamenané odpovědi
| # | Otázka | Odpověď | Body | Výsledky |
|---|---|---|---|---|
| 1. | V úterý byli do pražské zoo př... | (lední) medvědi | 1 | |
| 2. | Američan Lorenzo Prendini, kap... | A | 0 | |
| 3. | Minulý týden začal režisér Tom... | Tři princezny | 0 | |
| 4. | Podnikatel Jan Čermák minulý t... | TV Barrandov | 0 | |
| 5. | V sobotu se v Rijádu konal dlo... | Tyson Fury, Oleksandr Usyk | 1 | |
| 6. | Bájného českého knížete Kroka,... | Krakov | 1 | |
| 7. | Podle pověsti prý zvony z kost... | ve čtvrtek (na Zelený čtvrtek) | 0 | |
| 8. | Před kněžnou Libuší stanuli dv... | A | 0 | |
| 9. | O hřbitovním kostele sv. Maří... | Svatební košile | 1 | |
| 10. | Pokud dokážete určit, co tento... | Stadice | 0 |